Informe sobre los catastros urbano y rústico : documento de trabajo documento de trabajo
Descripción Física:
131 p. : taules ; 29 cm + 3 mapes plegats
Otros Autores:
Comisión Mixta de Coordinación Estadística
Materias:
Sòl, Ús del
MARC
| LEADER | 00000nam a2200000Ia 4500 | ||
|---|---|---|---|
| 001 | 21998 | ||
| 008 | 160829s1972 xx 000 0 cat d | ||
| 080 | |a C-3-233 | ||
| 245 | |a Informe sobre los catastros urbano y rústico : |b documento de trabajo | ||
| 260 | |a Barcelona : |b Comisión Mixta de Coordinación Estadística, |c 1972 | ||
| 300 | |a 131 p. : |b taules ; |c 29 cm + 3 mapes plegats | ||
| 590 | |a A la portada: No. 4, marzo 1972. | ||
| 590 | |a Inclou models de documentació i certificació | ||
| 650 | 0 | |a Sòl, Ús del |9 36390 | |
| 700 | |a Comisión Mixta de Coordinación Estadística |9 39433 | ||
| 901 | |a Arxiu | ||
| 942 | |n 1 | ||
| 952 | |0 0 |1 0 |4 0 |6 C3233 |7 1 |9 49007 |a Arxiu |b Arxiu |d 2016-12-01 |l 0 |o C-3-233 |p 21998 |r 2016-12-01 00:00:00 |w 2016-12-01 |y ARXIU | ||
| 999 | |c 52842 |d 52842 | ||